000 00735nam a2200217Ia 4500
003 GCL
005 20240530104238.0
008 140319s9999 xx 000 0 ara d
040 _aGCL /
_cGCL
082 0 4 _a192
_bم ف
100 1 _aماهر عبدالقادر محمد على
245 1 0 _aفلسفة التحليل المعاصر /
_cماهر عبدالقادر محمد على
260 _aبيروت :
_bدار النهضة العربية للطباعة والنشر ،
_c1985
300 _a309 ص ؛
_c24 سم
650 0 4 _aالفلسفة
650 0 4 _aالفلسفة المعاصرة
650 0 4 _aالفلسفة الغربية
650 0 4 _aارسطو
650 0 4 _aالتصوف والفلسفة
942 _2ddc
_cBK
999 _c45826
_d45826